Clic Les villes créatives françaises selon l'UNESCO - Statistiques

Statistiques générales
  • Ce quiz a été pris 31 fois
  • Le résultat moyen est 3 sur 9
Statistiques - réponses
Hint Extra Hint Réponse % Correct
Cannes Depuis 2021 Cinéma
77%
Limoges Depuis 2017 Artisanat et arts populaires
50%
Angoulême Depuis 2019 Littérature
50%
Saint-Etienne Depuis 2010 Design
27%
Rouen Depuis 2021 Gastronomie
23%
Enghien-les-Bains Depuis 2013 Arts numériques
13%
Toulouse Depuis 2023 Musique
10%
Lyon Depuis 2008 & 2023 Littérature & Arts numériques
7%
Metz Depuis 2019 Musique
3%
Aucun quiz correspondant
Distribution des résultats
% des personnes avec chaque résultat
Percentile par nombre de réponses
Votre historique - résultats
Vous n’avez pas pris ce quiz